| 000 | 00862nam a2200241 a 4500 | ||
|---|---|---|---|
| 001 | 000027276 | ||
| 005 | 20200930030722.0 | ||
| 008 | 110331s2006 pr 000 0 spa d | ||
| 020 | _a1932271775 | ||
| 040 |
_aDO-SdBNP _bspa _cBNPHU |
||
| 082 |
_axxxx _bG643n |
||
| 100 | 1 |
_aGonzález-Cruz, Michael _954336 |
|
| 245 | 1 | 0 |
_aNacionalismo revolucionario puertorriqueño / _cMichael González-Cruz ; correccióón Carmen Rodríguez Marín, Ana María Fuster. |
| 260 |
_aSanto Domingo : _bIsla Negra, _c2006. |
||
| 300 |
_a168 p. ; _c22 cm. |
||
| 490 | 1 | _aVisiones y Cegueras | |
| 504 | _aIncluye referencias bibliográficas y notas al pie de las páginas | ||
| 504 | _aBibliografía : p. 157-168 | ||
| 700 | 1 |
_aRodríguez Marín, Carmen, _ecorr. _954337 |
|
| 700 | 1 |
_aFuster, Ana María, _ecorr. _954338 |
|
| 830 | 0 |
_aVisiones y Cegueras _91120 |
|
| 049 | _aBNPD | ||
| 999 |
_c26768 _d26768 |
||